| 000 | 00556nam a2200181Ia 4500 | ||
|---|---|---|---|
| 008 | 210719s2017 xx 000 0 und d | ||
| 020 | _a978-93-82186-86-1 | ||
| 041 | _aeng | ||
| 082 | _a809.88914 AITS | ||
| 100 | _aAITAL (Parvati G) | ||
| 245 | _aStudies in comparative literature translation and beyond | ||
| 260 |
_aNew Delhi _bPrestige Books International., _c2017 |
||
| 300 |
_a144 _bHB |
||
| 365 |
_b600 _cRs |
||
| 650 | _aIndian Literature | ||
| 650 | _aIndian Literature | ||
| 906 | _abeyond ; comparative ; literature ; Studies ; translation | ||
| 999 |
_c215736 _d215736 |
||